<?xml version="1.0" encoding="UTF-8"?>
<record
    xmlns:xsi="http://www.w3.org/2001/XMLSchema-instance"
    xsi:schemaLocation="http://www.loc.gov/MARC21/slim http://www.loc.gov/standards/marcxml/schema/MARC21slim.xsd"
    xmlns="http://www.loc.gov/MARC21/slim">

  <leader>03122cam a22004574i 4500</leader>
  <controlfield tag="003">PE-LiUPU</controlfield>
  <controlfield tag="005">20250731165442.0</controlfield>
  <controlfield tag="008">160914s2016    pe a   grm    000 0 spa d</controlfield>
  <datafield tag="035" ind1=" " ind2=" ">
    <subfield code="a">(Sirsi) a163461</subfield>
  </datafield>
  <datafield tag="040" ind1=" " ind2=" ">
    <subfield code="a">PE-LiUPU</subfield>
    <subfield code="b">spa</subfield>
    <subfield code="c">PE-LiUPU</subfield>
    <subfield code="e">rda</subfield>
  </datafield>
  <datafield tag="099" ind1=" " ind2=" ">
    <subfield code="a">TIAm 2</subfield>
    <subfield code="b">N94 2016</subfield>
  </datafield>
  <datafield tag="100" ind1="1" ind2=" ">
    <subfield code="a">N&#xFA;&#xF1;ez Burga, Reyna Magdalena Fiorela,</subfield>
    <subfield code="e">autor</subfield>
  </datafield>
  <datafield tag="245" ind1="1" ind2=" ">
    <subfield code="a">Tratamiento de aguas residuales dom&#xE9;sticas a nivel familiar, con Humedales Artificiales de flujo subsuperficial Horizontal, mediante la especie macr&#xF3;fita emergente Cyperus Papyrus (Papiro) /</subfield>
    <subfield code="c">Reyna Magdalena Fiorela N&#xFA;&#xF1;ez Burga.</subfield>
  </datafield>
  <datafield tag="264" ind1=" " ind2="0">
    <subfield code="c">2016.</subfield>
  </datafield>
  <datafield tag="300" ind1=" " ind2=" ">
    <subfield code="a">313 hojas : </subfield>
    <subfield code="b">ilustraciones;</subfield>
    <subfield code="c">30 cm</subfield>
  </datafield>
  <datafield tag="336" ind1=" " ind2=" ">
    <subfield code="a">text</subfield>
    <subfield code="2">rdacontent</subfield>
  </datafield>
  <datafield tag="337" ind1=" " ind2=" ">
    <subfield code="a">unmediated</subfield>
    <subfield code="2">rdamedia</subfield>
  </datafield>
  <datafield tag="338" ind1=" " ind2=" ">
    <subfield code="a">volume</subfield>
    <subfield code="2">rdacarrier</subfield>
  </datafield>
  <datafield tag="502" ind1=" " ind2=" ">
    <subfield code="a">Tesis</subfield>
    <subfield code="b">(Lic.) -- </subfield>
    <subfield code="c">Universidad Peruana Uni&#xF3;n,</subfield>
    <subfield code="d">2016.</subfield>
  </datafield>
  <datafield tag="504" ind1=" " ind2=" ">
    <subfield code="a">Incluye referencias</subfield>
  </datafield>
  <datafield tag="520" ind1="3" ind2=" ">
    <subfield code="a">El prop&#xF3;sito de la investigaci&#xF3;n fue determinar la eficiencia de remoci&#xF3;n de las aguas residuales dom&#xE9;sticas mediante Humedales Artificiales de Flujo Subsuperficial Horizontal. La investigaci&#xF3;n consisti&#xF3; en tres etapas: el dise&#xF1;o del humedal, construcci&#xF3;n del humedal y an&#xE1;lisis de datos mediante la prueba T-Student para muestras relacionadas, utilizando el programa Stalistica. Las dimensiones del humedal fueron obtenidas a partir del caudal de ingreso (0.03 m3/d&#xED;a) con la Demanda Biol&#xF3;gica de Ox&#xED;geno (285.10 gr/m3), obteni&#xE9;ndose un largo de 1.20 m, un ancho de 0.60, una altura de 0.60 m y una pendiente del 1%. El an&#xE1;lisis de los resultados demostr&#xF3; que existen diferencias significativas (p&lt;0.05) de todos los par&#xE1;metros f&#xED;sico (Turbidez, pH, conductividad el&#xE9;ctrica, OD, SDT y temperatura), qu&#xED;micos (DBO, DQO, nitr&#xF3;geno total y f&#xF3;sforo total, 55% de conductividad el&#xE9;ctrica y s&#xF3;lidos disueltos totales, 61% de ox&#xED;geno disuelto, 96% de turbidez, 68% de pH y 100% Coliformes totales y fecales. En conclusi&#xF3;n, existe eficiencia de remoci&#xF3;n de los par&#xE1;metros f&#xED;sico-qu&#xED;micos y microbiol&#xF3;gicos antes de pasar por el sistema de tratamiento mediante humedales artificiales de lujo subsuperficial horizontal, con los par&#xE1;metros f&#xED;sico-qu&#xED;micos y microbiol&#xF3;gicos despu&#xE9;s de pasar por el sistema de tratamiento, demostrando que dicha agua se encuentran dentro de lo establecido por el Decreto Supremo N&#xB0; 002-2008-MINAM y la modificatoria el Decreto Supremo N&#xB0; 05-2015-MINAM, indicando que el agua residual dom&#xE9;stica es apta para ser utilizada en el regad&#xED;o de pastizales.</subfield>
  </datafield>
  <datafield tag="526" ind1=" " ind2=" ">
    <subfield code="a">SEG44</subfield>
  </datafield>
  <datafield tag="526" ind1=" " ind2=" ">
    <subfield code="a">SEG26</subfield>
  </datafield>
  <datafield tag="526" ind1=" " ind2=" ">
    <subfield code="a">P151</subfield>
  </datafield>
  <datafield tag="526" ind1=" " ind2=" ">
    <subfield code="a">P150</subfield>
  </datafield>
  <datafield tag="526" ind1=" " ind2=" ">
    <subfield code="a">P149</subfield>
  </datafield>
  <datafield tag="526" ind1=" " ind2=" ">
    <subfield code="a">P146</subfield>
  </datafield>
  <datafield tag="526" ind1=" " ind2=" ">
    <subfield code="a">P145</subfield>
  </datafield>
  <datafield tag="526" ind1=" " ind2=" ">
    <subfield code="a">P126</subfield>
  </datafield>
  <datafield tag="526" ind1=" " ind2=" ">
    <subfield code="a">P125</subfield>
  </datafield>
  <datafield tag="526" ind1=" " ind2=" ">
    <subfield code="a">P92</subfield>
  </datafield>
  <datafield tag="526" ind1=" " ind2=" ">
    <subfield code="a">P75</subfield>
  </datafield>
  <datafield tag="526" ind1=" " ind2=" ">
    <subfield code="a">P74</subfield>
  </datafield>
  <datafield tag="526" ind1=" " ind2=" ">
    <subfield code="a">P27</subfield>
  </datafield>
  <datafield tag="526" ind1=" " ind2=" ">
    <subfield code="a">P15</subfield>
  </datafield>
  <datafield tag="650" ind1="0" ind2="4">
    <subfield code="a">Aguas residuales</subfield>
    <subfield code="x">Tratamiento por lodos activos</subfield>
  </datafield>
  <datafield tag="650" ind1="0" ind2="4">
    <subfield code="a">Aguas residuales</subfield>
    <subfield code="x">Tratamiento biol&#xF3;gico</subfield>
  </datafield>
  <datafield tag="596" ind1=" " ind2=" ">
    <subfield code="a">1</subfield>
  </datafield>
  <datafield tag="942" ind1=" " ind2=" ">
    <subfield code="2">ddc</subfield>
    <subfield code="c">TESIS</subfield>
  </datafield>
  <datafield tag="999" ind1=" " ind2=" ">
    <subfield code="a">TIAM 2 N94 2016</subfield>
    <subfield code="w">ALPHANUM</subfield>
    <subfield code="c">12336</subfield>
    <subfield code="i">T02019</subfield>
    <subfield code="l">CCODEBUL3</subfield>
    <subfield code="m">BUL</subfield>
    <subfield code="r">1</subfield>
    <subfield code="s">Y</subfield>
    <subfield code="t">TESIS</subfield>
    <subfield code="u">2016-9-14</subfield>
    <subfield code="x">INGENIERIA</subfield>
    <subfield code="P">P24</subfield>
    <subfield code="o">.STAFF. Tesis</subfield>
    <subfield code="d">12336</subfield>
  </datafield>
  <datafield tag="980" ind1=" " ind2=" ">
    <subfield code="8">1</subfield>
    <subfield code="g">ALBERTO SANCHEZ Responsable de Automatizaci&#xF3;n</subfield>
  </datafield>
  <datafield tag="952" ind1=" " ind2=" ">
    <subfield code="r">2022-07-06 00:00:00</subfield>
    <subfield code="l">0</subfield>
    <subfield code="o">TIAM 2 N94 2016</subfield>
    <subfield code="p">T02019</subfield>
    <subfield code="t">e1</subfield>
    <subfield code="w">2016-09-14</subfield>
    <subfield code="x">FIA</subfield>
    <subfield code="y">TESIS</subfield>
    <subfield code="z">Este &#xCD;tem NO se presta por ser Ejemplar #1.</subfield>
    <subfield code="1">0</subfield>
    <subfield code="2">ddc</subfield>
    <subfield code="7">1</subfield>
    <subfield code="8">TESIS</subfield>
    <subfield code="f">P24</subfield>
    <subfield code="a">BUL</subfield>
    <subfield code="b">BUL</subfield>
    <subfield code="c">TESIS</subfield>
    <subfield code="d">2016-09-14</subfield>
  </datafield>
</record>
